000 00588nam a2200217Ia 4500
005 20250326144128.0
008 250326s9999 xx 000 0 und d
020 _a978-315-0565-6
037 _aTextbook
040 _aFMSL
_beng
_cFMSL
041 _aeng
_2eng
084 _aX:51:f P7
_qFMSL
100 _aZikmund WG
_9749092
245 0 _aMarketing Research
_cZikmund Wg; Babin Bj
260 _aUnited Kingdom
_bUnited Kingdom, South western
_c2007
300 _a632p
365 _b395
650 _aMarketing
942 _cTB
_hX:51:f P7
999 _c1302473
_d1302473